000
00269nam a2200109Ia 4500
008
220214s9999 xx 000 0 und d
100
_a
Schery Robert W
245
0
_a
Manicoba and Mangabeira rubbers
260
_b
Economic Botany
_c
1949
300
_a
240-264
942
_c
RE
999
_c
45873
_d
45873